01041cam a2200313 i 450000100090000000300050000900500170001400800410003101000170007202000300008903800100011904000280012904200080015705000240016508200210018910000350021024500860024526000300033130000400036133600260040133700280042733800270045550400510048256300070053365000210054065000290056165000150059077601220060520507565NUST20220827163433.0180523s2018 nyua b 001 0 eng  a 2018023750 a9780525522232 (hardcover) aAzhar aDLCbengcDLCerdadDLC apcc00aBF637.T5bB349 201800a153.733223bBAI1 aBailey, Chris,d1989-eauthor.10aHyperfocus :bhow to be more productive in a world of distraction cChris Bailey. aNew York :bViking,c2018 a241 pages :billustrations ;c24 cm atextbtxt2rdacontent aunmediatedbn2rdamedia avolumebnc2rdacarrier aIncludes bibliographical references and index. aPB 0aTime management. 0aDistraction (Psychology) 0aAttention.08iOnline version:aBailey, Chris, 1989- author.tHyperfocusdNew York : Viking, [2018]z9780525522249w(DLC) 2018025476